JHCSC Library Logo Welcome to JHCSC LibraryWhere Every Page Begins a New Adventure.    Vision: A leading public higher education institution serving the ASEAN community through quality, innovative, and culture-sensitive programs.    Mission: To provide relevant and responsive programs in Agriculture, Education, and other fields aligned with its vision. It undertakes applied research, extension, and production services that yield practical and lasting solutions to sector-specific challenges, improving the socio-economic well-being of identified communities.

Introduction to Visual Foxpro 6.0 (Record no. 11346)

MARC details
000 -LEADER
fixed length control field 00496nam a22001577a 4500
005 - DATE AND TIME OF LATEST TRANSACTION
control field 20260218071416.0
008 - FIXED-LENGTH DATA ELEMENTS--GENERAL INFORMATION
fixed length control field 260218b |||||||| |||| 00| 0 eng d
020 ## - INTERNATIONAL STANDARD BOOK NUMBER
International Standard Book Number 9710865307
040 ## - CATALOGING SOURCE
Transcribing agency jhcsc
082 ## - DEWEY DECIMAL CLASSIFICATION NUMBER
Classification number 005.74
100 ## - MAIN ENTRY--PERSONAL NAME
9 (RLIN) 10159
Personal name Copernicus P. Pepito
Relator term Author
245 ## - TITLE STATEMENT
Title Introduction to Visual Foxpro 6.0
Remainder of title Database Programming
Statement of responsibility, etc. Copernicus P. Pepito
260 ## - PUBLICATION, DISTRIBUTION, ETC.
Place of publication, distribution, etc. Mandaluyong City, Philippines
Name of publisher, distributor, etc. National Book Store
Date of publication, distribution, etc. c2005
300 ## - PHYSICAL DESCRIPTION
Extent xii,285 p
Other physical details illustrations
942 ## - ADDED ENTRY ELEMENTS (KOHA)
Source of classification or shelving scheme Dewey Decimal Classification
Koha item type Book
Holdings
Withdrawn status Lost status Source of classification or shelving scheme Damaged status Not for loan Collection code Home library Current library Shelving location Date acquired Total Checkouts Full call number Barcode Date last seen Price effective from Koha item type
    Dewey Decimal Classification     Information Technology JHCSC - Canuto MS Enero Campus Library JHCSC - Canuto MS Enero Campus Library Circulation 11/11/2013   005.74 P422 2005 2013-409 02/18/2026 02/18/2026 Book
© J.H. Cerilles State College | All Rights Reserved
Designed by Terhevic L. Bation & Gerald Biad, Library IT Staff